000 00294nam a2200121Ia 4500
008 190216s9999||||xx |||||||||||||| ||und||
100 _aGarg. G.L And Rajeev Garg
245 0 _aHindi- Sabke Liye Swasthya
260 _bKrane Publication
_c2008
300 _a139
650 _aHindi
942 _cBK
999 _c16553
_d16553